Handbook : estimating sludge management costs /

Bibliographic Details
Corporate Authors: Water Engineering Research Laboratory, Center for Environmental Research Information (U.S.)
Format: Government Document Book
Language:English
Published: Cincinnati, Ohio : U.S. Environmental Protection Agency, Center for Environmental Research Information, 1985.
Subjects:

MARC

Tag First Indicator Second Indicator Subfields
LEADER 00000cam a2200000 a 4500
001 in00000856491
005 20151019073639.0
008 851211s1985 ohua b f00000 eng d
010 |a gp 86009657  
035 |a (OCoLC)12927510 
035 |9 AEE2928AM 
040 |a EJB  |c EJB  |d GPO  |d UtOrBLW 
043 |a n-us--- 
074 |a 473-C-3 
086 0 |a EP 7.8:Sl 7 
088 |a EPA/625/6-85/010 
245 0 0 |a Handbook :  |b estimating sludge management costs /  |c U.S. Environmental Protection Agency, Office of Research and Development, Water Engineering Research Laboratory. 
264 1 |a Cincinnati, Ohio :  |b U.S. Environmental Protection Agency, Center for Environmental Research Information,  |c 1985. 
300 |a xx, 540 pages :  |b illustrations ;  |c 28 cm. 
336 |a text  |b txt  |2 rdacontent 
337 |a unmediated  |b n  |2 rdamedia 
338 |a volume  |b nc  |2 rdacarrier 
500 |a Shipping list number: 85-864-P. 
500 |a "October 1985." 
504 |a Includes bibliographies. 
500 |a "EPA/625/6-85/010." 
650 0 |a Sewage disposal plants  |z United States  |x Costs. 
710 2 |a Water Engineering Research Laboratory. 
710 2 |a Center for Environmental Research Information (U.S.) 
740 0 |a Estimating sludge management costs. 
999 |a MARS 
999 f f |s 7f36857a-2ad6-3d07-849e-992a71195ddd  |i 0167956c-4505-3c13-b7d0-171e05f1ba02  |t 0 
952 f f |p normal  |a Texas A&M University  |b College Station  |c Sterling C. Evans Library  |d Evans: US Documents (Annex 5th floor)  |t 0  |e EP 7.8:Sl 7  |h Superintendent of Documents classification  |i unmediated -- volume  |m A14812366223 
998 f f |a EP 7.8:Sl 7  |t 0  |l Evans: US Documents (Annex 5th floor)